000 00859nam a2200229 a 4500
001 000014898
003 DO-SdBNP
005 20211201111035.0
008 100127s2005 dr ac 000 0 spa d
040 _aDO-SdBNP
_bspa
_cBNPHU
082 4 _a972.9372
_bG421p
_222
100 1 _aMañón, F. Garrido,
_d1948-
_933738
245 1 0 _aPinceladas del siglo XX azuano /
_cF. Garrido Marñón ; prólogo Cristian Ciccone.
260 _aSanto Domingo :
_bEditora Símbolo,
_c2005.
300 _a171 p. :
_bil., retrs. ;
_c21 cm.
500 _aIncluye datos biográficos del autor en la contracubierta.
650 4 _aCiudades y pueblos
_zRepública Dominicana
_9784
651 4 _aAzua (República Dominicana)
_xHistoria local
_922073
651 4 _aAzua (República Dominicana)
_xVida social y costumbres
_912428
700 1 _aCiccone, Cristian
_98242
942 _2ddc
_cLBS1
999 _c14478
_d14478